| 000 | 00805 a2200337 4500 | ||
|---|---|---|---|
| 003 | 00 | ||
| 005 | 20170928130631.0 | ||
| 008 | 170928b xxu||||| |||| 00| 0 eng d | ||
| 020 | _a2 10 004945 3 | ||
| 037 | _b3, UREF | ||
| 037 | _a03/437 | ||
| 037 | _a04/533 | ||
| 037 | _a04/534 | ||
| 040 |
_aBUAC _bFre _cBUC |
||
| 100 |
_aWeinman, Serge _9225 |
||
| 100 | _lFr | ||
| 245 |
_aBiochimie : _bstructure et fonction des protéines |
||
| 260 | _aParis : | ||
| 260 | _bDunod, | ||
| 260 | _c2000 | ||
| 300 | _a245 p | ||
| 300 | _c ; 27 cm | ||
| 440 | _a(Sciences Sup) | ||
| 500 | _aBibliogr. (241242) Index (243-246) | ||
| 630 | _a SCIENCES EXACTES ET NATURELLES | ||
| 650 | _a Biologie- | ||
| 650 | _aBiochimie | ||
| 700 |
_aMéhul, Pierre _9227 |
||
| 942 | _cLBA | ||
| 999 |
_c43690 _d43690 |
||